Estudio hidrológico y diseño de la micropresa Betel

Presenta el estudio hidrológico y diseño de la microempresa Betel ubicada en la subcuenca de Ciudad Sandino km 12 1/2 sobre la carretera sur, comarca San José de las Cañadas poblado Betel. La cropresa Betel está dentro del anteproyecto manejo del sistema de drenaje pluvial de las subcuenca tic...

Full description

Bibliographic Details
Main Authors: Pérez Orozco, Claudia, Solís Arguello, Ledder, coaut
Other Authors: Tutor: Moreno Ayestas, Sandra
Format: Tesis Section = Libro
Language:Undetermined
Spanish
Published: Managua UNI 1991
Subjects:
LEADER 01150nam a2200253Ia 4500
008 240830s9999 xx 000 0 und d
040 |a BIBLIOTECA-RUPAP Mon 551.48 P438 
041 |a spa 
082 |a Mon 551.48 P438 
100 1 |a Pérez Orozco, Claudia 
100 1 |b Solís Arguello, Ledder, coaut 
245 1 0 |a Estudio hidrológico y diseño de la micropresa Betel 
260 |a Managua  |b UNI  |c 1991 
300 |a 137 p. :il. 
500 |a Contiene: anexos. 
502 |a Tesis (Ingeniero Civil)- UNI, 1991. 
520 3 |a Presenta el estudio hidrológico y diseño de la microempresa Betel ubicada en la subcuenca de Ciudad Sandino km 12 1/2 sobre la carretera sur, comarca San José de las Cañadas poblado Betel. La cropresa Betel está dentro del anteproyecto manejo del sistema de drenaje pluvial de las subcuenca ticomo, nejapa y Ciudad Sandino. Con la construcción de esta micropresa se protegerá las viviendas aledañas a esta. 
650 7 |a HIDROLOGIA 
650 7 |b DISEÑO HIDRAULICO 
650 7 |c ESTACIONES CLIMATOLOGICAS. 
700 1 |a Tutor:  |b Moreno Ayestas, Sandra 
942 |c BK  |2 ddc 
991 |a TESIS 
999 |c 15651